| 000 | 00357nam a2200145Ia 4500 | ||
|---|---|---|---|
| 008 | 210210b1988 xxu||||| |||| 00| 0 eng d | ||
| 082 | _a320.454 JOHI | ||
| 100 | _aJOHARI (J C) | ||
| 245 | _aIndian government and politics | ||
| 250 | _a | ||
| 260 |
_aDelhi _bVishal Publications. _c1988 |
||
| 300 | _a1018 | ||
| 690 | _aIndian Government | ||
| 906 | _a042850 | ||
| 999 |
_c92628 _d92628 |
||